| 000 -LEADER |
| fixed length control field |
01295nam a22001457a 4500 |
| 008 - FIXED-LENGTH DATA ELEMENTS--GENERAL INFORMATION |
| fixed length control field |
250822b ||||| |||| 00| 0 eng d |
| 100 ## - MAIN ENTRY--PERSONAL NAME |
| Personal name |
Devi, P.S. and Sudarsan, P.K. |
| 245 ## - TITLE STATEMENT |
| Title |
Migration for business: A case study of goa |
| 260 ## - PUBLICATION, DISTRIBUTION, ETC. (IMPRINT) |
| Place of publication, distribution, etc |
Vikalpa: The Journal for Decision Makers |
| 300 ## - PHYSICAL DESCRIPTION |
| Extent |
50(2), Apr-Jun, 2025: p.140-154 |
| 520 ## - SUMMARY, ETC. |
| Summary, etc |
Goa is a popular destination for migrants from other states. However, according to Census 2011, migration for business comprises only 2.7% of all migration. Using Census data, this study seeks to identify the factors that determine business migration to Goa. It is found that while the size of population of the home state positively influences outmigration, distance has a dampening effect, though its importance as a deterrent is declining over time. The variables of literacy and GSDP do not exert much influence on the volume of migration. A field study conducted to gain insights into the experiences of the business migrant community in Goa shows that most of the respondents have a favourable opinion about Goa, with very few cases of discrimination and abuse. - Reproduced |
| 650 ## - SUBJECT ADDED ENTRY--TOPICAL TERM |
| Topical term or geographic name as entry element |
Business Migrants, Outmigration, Gravity model, framework, remittances |
| 9 (RLIN) |
56281 |
| 942 ## - ADDED ENTRY ELEMENTS (KOHA) |
| Item type |
Articles |